00591nam a22001817a 450000500170000001000150001702000260003203500130005803700130007108200170008410000240010124500920012526000310021727000780024830000250032650000410035170000170039220150428113344.0 aENG-112316 a9781138795730c850.00 aEN-95848 bDBAD/PUB a355.02170954 aRajagopalan, Rajesh aNuclear South Asia :cby Rajesh Rajagopalan [and] Atul Mishra bkeywords and concepts / aNew DelhibRoutledgec2014 a912,Tolstoy House, 15-17 Tolstoy Marg, Connaught PlacebNew Delhie110001 axix,305p. c22cm(Hb) aIncludes bibliographical references  aMishra, Atul